Normal view
MARC view
Entry Topical Term
001 - CONTROL NUMBER
- control field: 30028
003 - CONTROL NUMBER IDENTIFIER
- control field: OSt
005 - DATE AND TIME OF LATEST TRANSACTION
- control field: 20260618112851.0
008 - FIXED-LENGTH DATA ELEMENTS
- fixed length control field: 260618|| aca||aabn | a|a d
040 ## - CATALOGING SOURCE
- Original cataloging agency: OSt
- Transcribing agency: OSt
150 ## - HEADING--TOPICAL TERM
- Topical term or geographic name entry element: student projects
670 ## - SOURCE DATA FOUND
- Source citation: Work cat.: (OSt)24708: B K Hikson 30025, Science fair survival techniques, 1997
